000
00292nam a2200133Ia 4500
008
240624s9999 xx 000 0 und d
041
_a
eng
082
_a
891.43 GUL
100
_a
GULZAR
245
_a
MIRZA GHALIB
260
_c
2006
_a
New Delhi
_b
Rupa
300
_a
240 p.
365
_c
RS
_b
25
999
_c
30960
_d
30960